00682 2200241 4500001002100000005001700021008004100038020001800079035002400097082001200121090001900133100001700152245007600169250001000245260002900255300002900284500002500313650003100338700001400369850001500383990002100398990002100419YOGYA-0209000003818020090227025333.0 ind  a979-428-495-5 0010-020900000038180 a959.863 a959.863bSch M aSCHOORL, Pim aMasyarakat, sejarah dan budaya ButoncPim Schoorl; penejemah, G. Winaya aCet.1 aJakartabDjambatanc2003 axi, 253 hlmbilusc21 cm aTermasuk bibliografi aSulawesi selatan - Sejarah aWinaya, G aYOPDYOG(B) a10077-PD/B.05a1 a10078-PD/B.05a1